[Event "DEN-chT XtraCon 2018-19"]
[Site "Denmark"]
[Date "2019.01.13"]
[Round "6"]
[White "Kristensen, Leif"]
[Black "Sengupta, Deep"]
[Result "0-1"]
[WhiteElo "2317"]
[BlackElo "2565"]
[Annotator "TA"]
[PlyCount "96"]
[EventDate "2018.10.27"]
[EventType "team-tourn"]
[EventCountry "DEN"]
[SourceTitle "playchess.com"]
[Source "ChessBase"]
[SourceQuality "1"]

{[%evp 18,96,-15,-6,24,-33,-30,-26,-17,-65,-50,-40,-38,-51,-60,-75,-54,-89,-92,-93,-92,-104,-103,-112,-85,-285,-229,-206,-100,-114,-93,-185,-207,-175,-83,-110,-104,-145,-34,-151,-118,-156,-101,-100,-110,-173,-135,-275,-237,-389,-431,-414,-418,-428,-441,-425,-370,-347,-376,-371,-260,-316,-293,-576,-575,-575,-575,-754,-746,-724,-643,-624,-622,-980,-708,-4133,-694,-692,-573,-29985,-5306]} 1. e4 e6 2. d4 d5 3. Nd2 Nf6 4. e5 Nfd7 5. Ngf3 c5 6. c4 Nc6 7. cxd5 exd5 8. Bd3 cxd4 {C05: French Tarrasch: 3...Nf6 4 e5 Nfd7, 5 f4 and 5 Bd3 sidelines} 9. O-O Nc5 10. Nb3 {LiveBook: 3 Games} Nxb3 {The position is equal.} (10... Bg4 11. Re1 Ne6 12. h3 Bh5 13. g4 Bg6 14. Bf5 {½-½ (38) Kotronias,V (2560)-Gurevich,M (2635) Manila 1992}) 11. axb3 $146 (11. Qxb3 $11 Be7 12. Bd2) ({Predecessor:} 11. Qxb3 Be7 12. Bf4 g5 13. Bg3 h5 14. h3 g4 15. hxg4 hxg4 16. Nh2 {1-0 (40) Kudinov,I (2275)-Botvinnik,Y Ozery 1997}) 11... Be7 $15 12. Re1 Qb6 13. h3 Be6 14. Bg5 Bc5 15. Rc1 h6 16. Bd2 Be7 17. Nh2 O-O-O 18. f4 g6 19. Nf3 Kb8 20. Rf1 Bb4 21. g4 $2 {[#]} (21. Bxb4 $17 Nxb4 22. Qd2) 21... Bxd2 22. Qxd2 Bc8 (22... Na5 $19 23. Qh2 Nxb3) 23. Kg2 $17 h5 24. Kg3 (24. g5 $17 {is a better defense.}) 24... hxg4 $19 25. hxg4 Nb4 (25... Na5 $19 {is more deadly.} 26. Bc2 d3 27. Qxd3 Qe6) 26. Ng5 Rhf8 27. Rce1 Bd7 (27... f5 $17 28. Be2 fxg4 29. Bxg4 Bxg4 30. Kxg4 Rc8) 28. Rf3 (28. Bxg6 $15 fxg6 29. e6) 28... Rc8 29. Nh7 Rfd8 (29... Rh8 $142 30. Nf6 Rcd8) 30. Nf6 $17 Rc7 31. f5 (31. Bb1 $17) 31... gxf5 $19 32. gxf5 (32. Nxd7+ $17 Rcxd7 33. Rxf5) 32... Nxd3 33. Qxd3 $2 {[#]} (33. Nxd7+ Rcxd7 34. Rxd3) 33... Bb5 $1 {[%cal Rb5d3]} 34. Qd2 d3 35. Qf4 Ka8 36. Rf2 a6 37. Rc1 Rxc1 38. Qxc1 Ka7 39. Qf4 Bc6 40. e6 $2 (40. Rd2) 40... fxe6 41. fxe6 Rf8 42. e7 Rf7 43. Qe5 Qc5 44. e8=Q Bxe8 45. Qxe8 d2 46. Qxf7 d1=Q (46... Qe3+ $142 47. Kg2 Qg5+ 48. Kh3 d1=Q 49. Qxd5 Qh6+ 50. Kg3 Qg7+ 51. Kh4 Qh6+ 52. Kg3 Qg1+ 53. Qg2 Qhh2+ 54. Kf3 Qd1+ 55. Ke4 Qe1+ 56. Kf3 Qh4) 47. Ng4 Qcd4 48. Qd7 Qxb3+ {Accuracy: White = 22%, Black = 53%.} (48... Qg1+ $142 49. Rg2 Qd3+ {[%mdl 64] Double Attack} 50. Kh4 Qxg2 51. Kh5 Qxb2 52. Kg5 Qbd2+ 53. Kh5 Qf4 54. Qe6 Qh7+ 55. Nh6 Qh2+ 56. Kg5 Qg7+ 57. Qg6 Qhxh6+ {[%mdl 64] Double Attack} 58. Kg4 Qgxg6+ 59. Kf3 Qh2 60. Ke3 Qe4#) 0-1

[Event "DEN-chT XtraCon 2018-19"]
[Site "Denmark"]
[Date "2019.01.13"]
[Round "6"]
[White "Sahl, Bjarke"]
[Black "Aabling-Thomsen, Jakob"]
[Result "1-0"]
[WhiteElo "2317"]
[BlackElo "2374"]
[Annotator "NA"]
[PlyCount "49"]
[EventDate "2018.10.27"]
[EventType "team-tourn"]
[EventCountry "DEN"]
[SourceTitle "playchess.com"]
[Source "ChessBase"]
[SourceQuality "1"]
[TimeControl "40/5400+30:1800+30"]

1. d4 {[%emt 0:12:23]} f5 {[%emt 0:02:01]} 2. c4 {[%emt 0:00:30]} Nf6 {[%emt 0:00:30]} 3. Nc3 {[%emt 0:01:45]} g6 {[%emt 0:01:25]} 4. h4 {[%emt 0:04:50]} d6 {[%emt 0:04:14]} 5. Nh3 {[%emt 0:11:16]} Nc6 {[%emt 0:02:15]} 6. Bg5 {[%emt 0:01:12]} Bg7 {[%emt 0:28:07]} 7. Nf4 Ng4 8. e3 {[%emt 0:09:42]} O-O {[%emt 0:08:21]} 9. c5 {[%emt 0:16:03]} Qe8 {[%emt 0:07:28]} 10. Qb3+ {[%emt 0:12:09]} Kh8 {[%emt 0:01:29]} 11. h5 {[%emt 0:02:38]} gxh5 {[%emt 0:02:17]} 12. Ncd5 {[%emt 0:03:24]} dxc5 {[%emt 0:07:31]} 13. Nxc7 Nxd4 {[%emt 0:12:26]} 14. exd4 {[%emt 0:02:28]} Qc6 {[%emt 0:00:05]} 15. Rxh5 {[%emt 0:08:15]} Bxd4 {[%emt 0:00:20]} 16. Bb5 {[%emt 0:00:50]} Qxc7 {[%emt 0:05:10]} 17. Ng6+ {[%emt 0:00:28]} Kg7 {[%emt 0:00:02]} 18. Nxf8 Qe5+ {[%emt 0:09:31]} 19. Kf1 {[%emt 0:01:23]} Kxf8 {[%emt 0:00:43]} 20. Rxh7 {[%emt 0:00:49]} Be6 {[%emt 0:00:41]} 21. Qh3 {[%emt 0:06:10]} f4 {[%emt 0:02:34]} 22. Qh5 {[%emt 0:00:56]} Qf5 {[%emt 0:01:51]} 23. Re1 {[%emt 0:00:55]} Kg8 {[%emt 0:01:51]} 24. Rxe6 {[%emt 0:01:20]} Qxe6 {[%emt 0:00:33]} 25. Rxe7 {[%emt 0:00:15]} 1-0

[Event "DEN-chT XtraCon 2018-19"]
[Site "Denmark"]
[Date "2019.01.13"]
[Round "6"]
[White "Hove, Esben Kjems"]
[Black "Olsen, Filip Boe"]
[Result "1/2-1/2"]
[WhiteElo "2314"]
[BlackElo "2359"]
[Annotator "NA"]
[PlyCount "88"]
[EventDate "2018.10.27"]
[EventType "team-tourn"]
[EventCountry "DEN"]
[SourceTitle "playchess.com"]
[Source "ChessBase"]
[SourceQuality "1"]
[TimeControl "40/5400+30:1800+30"]

1. d4 {[%emt 0:00:02]} d5 {[%emt 0:00:00]} 2. Nf3 {[%emt 0:00:14]} Nf6 {[%emt 0:00:00]} 3. g3 {[%emt 0:00:33]} g6 {[%emt 0:04:44]} 4. Bg2 {[%emt 0:00:17]} Bg7 {[%emt 0:00:06]} 5. O-O {[%emt 0:00:06]} O-O {[%emt 0:00:16]} 6. Bf4 {[%emt 0:03:19]} c5 {[%emt 0:02:53]} 7. dxc5 {[%emt 0:02:52]} Na6 {[%emt 0:01:27]} 8. c3 {[%emt 0:05:07]} Nxc5 {[%emt 0:01:27]} 9. Nbd2 {[%emt 0:00:53]} b6 {[%emt 0:19:59]} 10. Nb3 {[%emt 0:05:11]} Nce4 {[%emt 0:05:15]} 11. Ng5 {[%emt 0:08:45]} Bb7 {[%emt 0:07:43]} 12. Nxe4 {[%emt 0:09:46]} Nxe4 {[%emt 0:00:37]} 13. a4 {[%emt 0:00:34]} e5 {[%emt 0:07:21]} 14. Be3 {[%emt 0:00:29]} Qc7 {[%emt 0:03:39]} 15. a5 {[%emt 0:01:02]} Rfd8 {[%emt 0:03:48]} 16. axb6 {[%emt 0:12:04]} axb6 {[%emt 0:00:02]} 17. Qd3 {[%emt 0:00:56]} Nc5 {[%emt 0:02:29]} 18. Qc2 {[%emt 0:12:31]} Ne6 {[%emt 0:03:44]} 19. Rxa8 {[%emt 0:01:56]} Rxa8 {[%emt 0:01:32]} 20. Ra1 {[%emt 0:02:52]} Rxa1+ {[%emt 0:03:14]} 21. Nxa1 {[%emt 0:00:07]} b5 {[%emt 0:06:37]} 22. Qb3 {[%emt 0:09:47]} d4 {[%emt 0:01:18]} 23. cxd4 {[%emt 0:02:28]} exd4 {[%emt 0:01:41]} 24. Bd2 {[%emt 0:00:11]} Bxg2 {[%emt 0:00:17]} 25. Kxg2 {[%emt 0:00:05]} Qc4 {[%emt 0:01:40]} 26. Qf3 {[%emt 0:01:02]} h5 {[%emt 0:01:54]} 27. Nb3 {[%emt 0:03:02]} Qc2 {[%emt 0:02:16]} 28. Bc1 {[%emt 0:00:42]} Bf8 {[%emt 0:04:07]} 29. Qd3 {[%emt 0:03:53]} Qc6+ {[%emt 0:00:22]} 30. f3 {[%emt 0:00:31]} Bg7 {[%emt 0:02:31]} 31. Bd2 {[%emt 0:00:58]} Qc4 {[%emt 0:01:00]} 32. Kf2 {[%emt 0:00:54]} Bf6 {[%emt 0:02:07]} 33. Na5 {[%emt 0:03:56]} Qd5 {[%emt 0:00:38]} 34. Nb3 {[%emt 0:02:13]} h4 {[%emt 0:00:28]} 35. Kg2 {[%emt 0:00:39]} hxg3 {[%emt 0:01:00]} 36. hxg3 {[%emt 0:00:10]} Qc4 {[%emt 0:03:15]} 37. Kf2 {[%emt 0:01:04]} Qa4 {[%emt 0:01:29]} 38. f4 {[%emt 0:03:11]} Qc4 {[%emt 0:01:05]} 39. Ke1 {[%emt 0:02:36]} Qc6 {[%emt 0:00:47]} 40. Kd1 {[%emt 0:00:12]} Qh1+ {[%emt 0:02:40]} 41. Kc2 {[%emt 0:31:51]} Qc6+ {[%emt 0:31:48]} 42. Kd1 {[%emt 0:00:53]} Qh1+ {[%emt 0:00:00]} 43. Kc2 {[%emt 0:00:00]} Qc6+ {[%emt 0:00:00]} 44. Kd1 {[%emt 0:00:00]} Qh1+ {[%emt 0:00:00]} 1/2-1/2

[Event "DEN-chT XtraCon 2018-19"]
[Site "Denmark"]
[Date "2019.01.13"]
[Round "6"]
[White "Boe, Mads"]
[Black "Jakobsen, Peter"]
[Result "1-0"]
[WhiteElo "2302"]
[BlackElo "2181"]
[Annotator "NA"]
[PlyCount "113"]
[EventDate "2018.10.27"]
[EventType "team-tourn"]
[EventCountry "DEN"]
[SourceTitle "playchess.com"]
[Source "ChessBase"]
[SourceQuality "1"]
[TimeControl "40/5400+30:1800+30"]

1. d4 {[%emt 0:00:00]} Nf6 {[%emt 0:00:00]} 2. Bg5 {[%emt 0:01:12]} Ne4 {[%emt 0:00:00]} 3. Bf4 {[%emt 0:00:06]} c5 {[%emt 0:00:00]} 4. f3 {[%emt 0:00:45]} Qa5+ {[%emt 0:00:00]} 5. c3 {[%emt 0:00:08]} Nf6 {[%emt 0:00:06]} 6. Nd2 {[%emt 0:02:35]} cxd4 {[%emt 0:00:10]} 7. Nb3 {[%emt 0:00:23]} Qb6 {[%emt 0:00:16]} 8. Qxd4 {[%emt 0:00:35]} Qxd4 {[%emt 0:08:20]} 9. cxd4 {[%emt 0:04:19]} d5 {[%emt 0:00:27]} 10. e3 {[%emt 0:07:18]} e6 {[%emt 0:00:30]} 11. Rc1 {[%emt 0:07:14]} Nc6 {[%emt 0:01:14]} 12. g4 {[%emt 0:00:20]} Bd7 {[%emt 0:08:43]} 13. Ne2 {[%emt 0:24:37]} Be7 {[%emt 0:03:06]} 14. Nc5 {[%emt 0:09:08]} Bxc5 {[%emt 0:02:12]} 15. Rxc5 {[%emt 0:00:09]} Ke7 {[%emt 0:04:04]} 16. Rc1 {[%emt 0:07:29]} Rac8 {[%emt 0:02:53]} 17. Nc3 {[%emt 0:00:08]} a6 {[%emt 0:08:44]} 18. Kd2 {[%emt 0:03:13]} Na7 {[%emt 0:13:34]} 19. Bd3 {[%emt 0:01:30]} Bc6 {[%emt 0:02:20]} 20. b3 {[%emt 0:07:31]} h5 {[%emt 0:09:47]} 21. h3 {[%emt 0:02:03]} Nd7 {[%emt 0:03:35]} 22. Rcg1 {[%emt 0:02:52]} Rcg8 {[%emt 0:06:50]} 23. g5 {[%emt 0:03:41]} g6 {[%emt 0:01:56]} 24. Rc1 {[%emt 0:00:32]} Rc8 {[%emt 0:01:38]} 25. Rhe1 {[%emt 0:02:49]} Rhd8 {[%emt 0:02:48]} 26. Rc2 {[%emt 0:03:42]} b5 {[%emt 0:09:02]} 27. Rec1 {[%emt 0:00:32]} Bb7 {[%emt 0:00:12]} 28. a4 {[%emt 0:01:33]} b4 {[%emt 0:00:26]} 29. Na2 {[%emt 0:00:19]} Nc6 {[%emt 0:00:20]} 30. Bxa6 {[%emt 0:03:17]} Nxd4 {[%emt 0:04:19]} 31. exd4 {[%emt 0:00:33]} Bxa6 {[%emt 0:00:26]} 32. Nxb4 {[%emt 0:00:33]} Bb7 {[%emt 0:00:38]} 33. Rc7 {[%emt 0:01:44]} Rxc7 {[%emt 0:01:22]} 34. Rxc7 {[%emt 0:00:08]} Ba8 {[%emt 0:00:05]} 35. Nd3 {[%emt 0:00:36]} Ke8 {[%emt 0:00:16]} 36. a5 {[%emt 0:01:33]} Nb8 {[%emt 0:00:26]} 37. Nb4 {[%emt 0:00:40]} Nd7 {[%emt 0:01:51]} 38. Kc3 {[%emt 0:01:08]} e5 {[%emt 0:00:47]} 39. Be3 {[%emt 0:01:24]} Nf8 {[%emt 0:01:24]} 40. Ra7 {[%emt 0:00:53]} Ne6 {[%emt 0:00:58]} 41. Kd3 {[%emt 0:30:27]} exd4 {[%emt 0:33:33]} 42. Bxd4 {[%emt 0:00:00]} Nf4+ {[%emt 0:00:00]} 43. Ke3 {[%emt 0:00:00]} Ng2+ {[%emt 0:00:00]} 44. Kd2 {[%emt 0:00:00]} Nh4 {[%emt 0:00:00]} 45. f4 {[%emt 0:00:00]} Nf5 {[%emt 0:00:00]} 46. Kd3 {[%emt 0:00:00]} Rb8 {[%emt 0:00:00]} 47. Be5 {[%emt 0:00:00]} Rc8 {[%emt 0:00:00]} 48. Bd4 {[%emt 0:00:00]} Rb8 {[%emt 0:00:00]} 49. Bb6 {[%emt 0:00:00]} Kf8 {[%emt 0:00:00]} 50. Bc5+ {[%emt 0:00:15]} Kg8 {[%emt 0:00:00]} 51. Na6 {[%emt 0:01:38]} Rc8 {[%emt 0:00:00]} 52. Rc7 {[%emt 0:00:09]} Re8 {[%emt 0:00:00]} 53. Bd4 {[%emt 0:00:45]} Nd6 {[%emt 0:00:00]} 54. Rd7 {[%emt 0:01:05]} Nb5 {[%emt 0:00:00]} 55. Nc7 {[%emt 0:00:16]} Nxc7 {[%emt 0:00:00]} 56. Rxc7 {[%emt 0:00:05]} Rb8 {[%emt 0:00:00]} 57. b4 {[%emt 0:00:08]} 1-0

[Event "DEN-chT XtraCon 2018-19"]
[Site "Denmark"]
[Date "2019.01.13"]
[Round "6"]
[White "Bank, Pelle"]
[Black "Wiwe, Andreas"]
[Result "1/2-1/2"]
[WhiteElo "2300"]
[BlackElo "2304"]
[Annotator "NA"]
[PlyCount "110"]
[EventDate "2018.10.27"]
[EventType "team-tourn"]
[EventCountry "DEN"]
[SourceTitle "playchess.com"]
[Source "ChessBase"]
[SourceQuality "1"]
[TimeControl "40/5400+30:1800+30"]

1. c4 {[%emt 0:01:30]} e5 {[%emt 0:00:00]} 2. Nc3 {[%emt 0:00:14]} Nc6 {[%emt 0:00:01]} 3. Nf3 {[%emt 0:00:18]} f5 {[%emt 0:01:37]} 4. d4 {[%emt 0:00:12]} e4 {[%emt 0:00:05]} 5. Nd2 {[%emt 0:00:05]} Nf6 {[%emt 0:00:29]} 6. e3 {[%emt 0:00:04]} g6 {[%emt 0:04:02]} 7. Be2 {[%emt 0:02:34]} Bg7 {[%emt 0:00:08]} 8. O-O {[%emt 0:00:53]} O-O {[%emt 0:00:05]} 9. Rb1 {[%emt 0:02:07]} Qe7 {[%emt 0:03:44]} 10. Qa4 {[%emt 0:02:48]} d6 {[%emt 0:01:30]} 11. b4 {[%emt 0:00:32]} Bd7 {[%emt 0:01:30]} 12. b5 {[%emt 0:00:24]} Nd8 {[%emt 0:00:30]} 13. Qb4 {[%emt 0:19:31]} Nf7 {[%emt 0:02:04]} 14. a4 {[%emt 0:04:06]} f4 {[%emt 0:10:04]} 15. exf4 {[%emt 0:03:06]} e3 {[%emt 0:03:05]} 16. Nf3 {[%emt 0:00:58]} exf2+ {[%emt 0:01:40]} 17. Rxf2 {[%emt 0:04:55]} Bf5 {[%emt 0:03:17]} 18. Rb3 {[%emt 0:01:35]} Rae8 {[%emt 0:05:05]} 19. h3 {[%emt 0:05:39]} Ne4 {[%emt 0:02:50]} 20. Nxe4 {[%emt 0:00:11]} Bxe4 {[%emt 0:00:06]} 21. Qd2 {[%emt 0:04:24]} Qf6 {[%emt 0:16:24]} 22. Bb2 {[%emt 0:22:06]} Bh6 {[%emt 0:13:39]} 23. Nh2 {[%emt 0:03:28]} d5 {[%emt 0:13:01]} 24. Ng4 {[%emt 0:00:35]} Qe6 {[%emt 0:01:34]} 25. Ba3 {[%emt 0:04:10]} Bg7 {[%emt 0:00:58]} 26. Bxf8 {[%emt 0:00:22]} Rxf8 {[%emt 0:00:04]} 27. c5 {[%emt 0:01:14]} h5 {[%emt 0:03:27]} 28. Ne5 {[%emt 0:00:20]} Nh6 {[%emt 0:00:20]} 29. Rg3 Rf6 30. c6 {[%emt 0:04:38]} b6 {[%emt 0:00:56]} 31. a5 {[%emt 0:02:26]} Nf5 {[%emt 0:00:19]} 32. Ra3 {[%emt 0:00:07]} Bf8 {[%emt 0:00:29]} 33. Ra4 {[%emt 0:02:20]} Bd6 {[%emt 0:00:35]} 34. axb6 {[%emt 0:00:04]} axb6 {[%emt 0:00:03]} 35. Kh2 {[%emt 0:03:36]} Rf8 {[%emt 0:01:02]} 36. Bf3 {[%emt 0:02:48]} h4 {[%emt 0:02:43]} 37. Bg4 {[%emt 0:01:37]} Kg7 {[%emt 0:00:24]} 38. Qa2 {[%emt 0:00:43]} Qe8 {[%emt 0:00:23]} 39. Bxf5 {[%emt 0:00:06]} gxf5 {[%emt 0:01:03]} 40. Qa1 {[%emt 0:01:29]} Kh6 {[%emt 0:01:39]} 41. Rfa2 {[%emt 0:30:49]} Rg8 {[%emt 0:36:29]} 42. Qe1 {[%emt 0:00:00]} Rg3 {[%emt 0:00:00]} 43. Qf1 {[%emt 0:00:00]} Qg8 {[%emt 0:00:00]} 44. Qf2 {[%emt 0:00:00]} Bxe5 {[%emt 0:00:00]} 45. fxe5 {[%emt 0:00:00]} Qg5 {[%emt 0:00:00]} 46. Ra8 {[%emt 0:00:00]} Rxg2+ {[%emt 0:00:00]} 47. Qxg2 {[%emt 0:00:00]} Qf4+ {[%emt 0:00:00]} 48. Kg1 {[%emt 0:00:06]} Bxg2 {[%emt 0:00:00]} 49. Rxg2 {[%emt 0:01:57]} Qxd4+ {[%emt 0:00:00]} 50. Kh1 {[%emt 0:00:23]} Qxe5 {[%emt 0:00:00]} 51. Rag8 {[%emt 0:00:11]} d4 {[%emt 0:00:49]} 52. R8g6+ {[%emt 0:00:12]} Kh7 {[%emt 0:00:06]} 53. R6g5 {[%emt 0:00:11]} Kh6 {[%emt 0:02:20]} 54. Rg6+ {[%emt 0:00:06]} Kh7 {[%emt 0:00:04]} 55. R6g5 {[%emt 0:00:07]} Kh6 {[%emt 0:00:50]} 1/2-1/2

[Event "DEN-chT XtraCon 2018-19"]
[Site "Denmark"]
[Date "2019.01.13"]
[Round "6"]
[White "Kristensen, Kaare Hove"]
[Black "Ochsner, Bjorn Moller"]
[Result "0-1"]
[WhiteElo "2297"]
[BlackElo "2447"]
[Annotator "TA"]
[PlyCount "80"]
[EventDate "2018.10.27"]
[EventType "team-tourn"]
[EventCountry "DEN"]
[SourceTitle "playchess.com"]
[Source "ChessBase"]
[SourceQuality "1"]

{[%evp 20,80,-4,-16,-14,-21,-2,-20,-12,-10,-11,-22,-18,-36,-11,-43,-26,-90,-91,-90,-48,-58,-11,-10,-3,-13,-6,-16,-15,-39,-14,-18,-19,-123,-120,-181,-173,-183,-185,-170,-161,-177,-87,-104,-78,-271,-274,-251,-261,-245,-204,-308,-227,-912,-852,-885,-857,-864,-737,-768,-742,-1617,-1550]} 1. d4 {[%cal Bd2d4,Bd4d5][%mdl 32] Postny,E} Nf6 2. c4 e6 3. Nc3 Bb4 4. f3 c5 5. d5 d6 6. e4 O-O 7. Nge2 a6 {E20: Nimzo-Indian: 4 g3 and 4 f3} 8. Nf4 exd5 9. cxd5 Nbd7 10. Be2 b5 {[%cal Bb7b5,Bb5b4][%mdl 32]} 11. O-O {LiveBook: 3 Games} c4 12. Be3 Bc5 13. Bxc5 Nxc5 14. b4 cxb3 $1 15. axb3 b4 {[#]} 16. Nb1 $146 Nfd7 {[#] And now ...Qf6 would win.} 17. Ra2 (17. Nd2 {is more complex.} Qf6 18. g3 Qc3 19. Kg2 a5 20. Bb5) 17... Ne5 18. Nd3 (18. Nh5 $11) 18... Nexd3 $17 19. Bxd3 a5 20. Bc4 $1 Re8 21. Qd4 Bd7 22. Nd2 Qb6 23. Rfa1 Reb8 24. Kh1 h6 25. h3 a4 {[%cal Ba5a4,Ba4a3][%mdl 32]} 26. f4 (26. bxa4 $11 {keeps the balance.} Rxa4 27. Nb3) 26... a3 27. e5 (27. Nf3 $17) 27... Na4 $36 {[%mdl 2048] Black has strong initiative.} 28. Qd3 Nc3 29. Rc2 {[#]} Bb5 $1 30. e6 Ra7 (30... fxe6 $19 {is more deadly.} 31. dxe6 d5 32. Bxb5 Nxb5 33. Qxd5 Qd4 34. Qxd4 Nxd4) 31. f5 $17 f6 32. Nf3 $2 (32. Re1 $17) 32... Bxc4 $19 33. Qxc4 {intending Nd4.} Rc7 34. Qd3 Qb5 35. Qd2 (35. Ne1 $142) 35... Qxd5 36. Rxc3 $2 (36. Qxd5 Nxd5 37. Rd2) 36... Qxd2 {Black is clearly winning.} 37. Rxc7 Qd3 38. Rac1 Qxf5 39. Nd4 Qe4 40. Rd7 Qxd4 {Precision: White = 25%, Black = 67%.} 0-1

[Event "DEN-chT XtraCon 2018-19"]
[Site "Denmark"]
[Date "2019.01.13"]
[Round "6"]
[White "Greger, Roland Reinhard"]
[Black "Nielsen, Thomas Bach"]
[Result "1/2-1/2"]
[WhiteElo "2296"]
[BlackElo "2132"]
[Annotator "NA"]
[PlyCount "67"]
[EventDate "2018.10.27"]
[EventType "team-tourn"]
[EventCountry "DEN"]
[SourceTitle "playchess.com"]
[Source "ChessBase"]
[SourceQuality "1"]
[TimeControl "40/5400+30:1800+30"]

1. e4 {[%emt 0:00:00]} c6 {[%emt 0:00:00]} 2. d4 {[%emt 0:00:00]} d5 {[%emt 0:00:00]} 3. e5 {[%emt 0:00:00]} Bf5 {[%emt 0:00:00]} 4. Nc3 {[%emt 0:00:00]} e6 {[%emt 0:00:24]} 5. g4 {[%emt 0:00:00]} Bg6 {[%emt 0:00:21]} 6. Nge2 {[%emt 0:00:00]} c5 {[%emt 0:01:52]} 7. h4 {[%emt 0:00:21]} h5 {[%emt 0:13:43]} 8. Nf4 {[%emt 0:00:19]} Bh7 {[%emt 0:00:41]} 9. Nxh5 {[%emt 0:01:33]} cxd4 {[%emt 0:06:25]} 10. Qxd4 {[%emt 0:00:09]} Nc6 {[%emt 0:00:20]} 11. Bb5 {[%emt 0:00:11]} Nge7 {[%emt 0:01:00]} 12. Bh6 {[%emt 0:00:36]} a6 {[%emt 0:01:43]} 13. Bxc6+ {[%emt 0:01:39]} Nxc6 {[%emt 0:01:10]} 14. Qf4 {[%emt 0:00:22]} Rg8 {[%emt 0:19:49]} 15. O-O-O {[%emt 0:02:50]} Qa5 {[%emt 0:03:08]} 16. Rh3 {[%emt 0:06:05]} d4 {[%emt 0:12:16]} 17. Ne4 {[%emt 0:05:40]} Bxe4 {[%emt 0:01:38]} 18. Qxe4 {[%emt 0:03:07]} O-O-O {[%emt 0:05:07]} 19. Bg5 {[%emt 0:00:36]} Qxa2 {[%emt 0:02:56]} 20. Rb3 {[%emt 0:04:31]} Bb4 {[%emt 0:07:54]} 21. Rxb4 {[%emt 0:03:02]} Nxb4 {[%emt 0:00:30]} 22. Bxd8 {[%emt 0:00:35]} Rxd8 {[%emt 0:00:42]} 23. Rxd4 {[%emt 0:02:49]} Qa1+ {[%emt 0:02:32]} 24. Kd2 {[%emt 0:00:04]} Qxb2 {[%emt 0:00:15]} 25. Rxd8+ {[%emt 0:00:24]} Kxd8 {[%emt 0:00:05]} 26. Nf4 {[%emt 0:05:49]} a5 {[%emt 0:02:30]} 27. g5 {[%emt 0:00:44]} g6 {[%emt 0:01:55]} 28. h5 {[%emt 0:01:33]} gxh5 {[%emt 0:00:17]} 29. g6 {[%emt 0:00:28]} fxg6 {[%emt 0:01:07]} 30. Nxe6+ {[%emt 0:00:21]} Ke7 {[%emt 0:02:35]} 31. Nf4 {[%emt 0:08:27]} Nc6 {[%emt 0:06:26]} 32. Nxg6+ {[%emt 0:05:24]} Ke8 {[%emt 0:02:47]} 33. Qf5 {[%emt 0:27:56]} Qd4+ {[%emt 0:00:33]} 34. Kc1 {[%emt 0:02:11]} 1/2-1/2

[Event "DEN-chT XtraCon 2018-19"]
[Site "Denmark"]
[Date "2019.01.13"]
[Round "6"]
[White "Christensen, Stefan"]
[Black "Lauridsen, Jesper Morch"]
[Result "1/2-1/2"]
[WhiteElo "2259"]
[BlackElo "2229"]
[Annotator "NA"]
[PlyCount "112"]
[EventDate "2018.10.27"]
[EventType "team-tourn"]
[EventCountry "DEN"]
[SourceTitle "playchess.com"]
[Source "ChessBase"]
[SourceQuality "1"]
[TimeControl "40/5400+30:1800+30"]

1. e4 {[%emt 0:00:00]} c5 {[%emt 0:00:00]} 2. Nf3 {[%emt 0:00:07]} Nc6 {[%emt 0:01:04]} 3. Bb5 {[%emt 0:04:22]} d6 {[%emt 0:00:04]} 4. O-O {[%emt 0:00:57]} Bd7 {[%emt 0:00:17]} 5. Re1 {[%emt 0:02:23]} Nf6 {[%emt 0:03:38]} 6. c3 {[%emt 0:02:11]} a6 {[%emt 0:00:41]} 7. Ba4 {[%emt 0:02:33]} b5 {[%emt 0:07:03]} 8. Bc2 {[%emt 0:00:17]} Bg4 {[%emt 0:00:24]} 9. h3 {[%emt 0:08:13]} Bxf3 {[%emt 0:02:54]} 10. Qxf3 {[%emt 0:00:09]} g6 {[%emt 0:00:37]} 11. a4 {[%emt 0:04:10]} Rb8 {[%emt 0:05:47]} 12. axb5 {[%emt 0:02:40]} axb5 {[%emt 0:00:05]} 13. Na3 {[%emt 0:03:16]} Nd7 {[%emt 0:08:47]} 14. Qe2 {[%emt 0:10:28]} Qb6 {[%emt 0:07:55]} 15. d3 {[%emt 0:06:02]} Bg7 {[%emt 0:00:27]} 16. Be3 {[%emt 0:03:19]} O-O {[%emt 0:00:35]} 17. Qd2 {[%emt 0:01:26]} b4 {[%emt 0:12:34]} 18. Nc4 {[%emt 0:00:43]} Qc7 {[%emt 0:01:32]} 19. Bh6 {[%emt 0:02:57]} bxc3 {[%emt 0:00:52]} 20. bxc3 {[%emt 0:00:09]} Nce5 {[%emt 0:05:14]} 21. Bxg7 {[%emt 0:01:46]} Kxg7 {[%emt 0:02:24]} 22. Ne3 {[%emt 0:00:33]} Nf6 {[%emt 0:00:58]} 23. f4 {[%emt 0:01:55]} Ned7 {[%emt 0:03:23]} 24. Nc4 {[%emt 0:07:41]} d5 {[%emt 0:05:30]} 25. exd5 {[%emt 0:01:05]} Nxd5 {[%emt 0:00:06]} 26. f5 {[%emt 0:05:44]} gxf5 {[%emt 0:06:47]} 27. Qg5+ {[%emt 0:02:23]} Kh8 {[%emt 0:00:05]} 28. Qxf5 {[%emt 0:00:33]} e6 {[%emt 0:01:41]} 29. Qh5 {[%emt 0:01:44]} Rg8 {[%emt 0:01:29]} 30. Qf3 {[%emt 0:20:59]} Rg7 {[%emt 0:13:26]} 31. Re4 {[%emt 0:01:34]} N7f6 {[%emt 0:03:07]} 32. Re5 {[%emt 0:00:30]} Rbg8 {[%emt 0:00:57]} 33. Rf1 {[%emt 0:02:25]} Rg3 {[%emt 0:02:12]} 34. Qf2 {[%emt 0:00:13]} Nd7 {[%emt 0:02:42]} 35. d4 {[%emt 0:01:23]} Rxg2+ {[%emt 0:01:03]} 36. Qxg2 {[%emt 0:00:05]} Rxg2+ {[%emt 0:00:04]} 37. Kxg2 {[%emt 0:00:10]} Nxe5 {[%emt 0:00:16]} 38. dxe5 {[%emt 0:00:07]} Qe7 {[%emt 0:00:51]} 39. Rf3 {[%emt 0:01:41]} Qg5+ {[%emt 0:00:46]} 40. Rg3 {[%emt 0:00:18]} Qf4 {[%emt 0:00:56]} 41. Bd3 {[%emt 0:05:15]} f6 {[%emt 0:19:37]} 42. Rf3 {[%emt 0:07:54]} Qg5+ {[%emt 0:00:28]} 43. Rg3 {[%emt 0:00:29]} Qh5 {[%emt 0:01:13]} 44. exf6 {[%emt 0:03:21]} Nf4+ {[%emt 0:01:42]} 45. Kf2 {[%emt 0:00:45]} Nxd3+ {[%emt 0:03:15]} 46. Rxd3 {[%emt 0:00:11]} Qh4+ {[%emt 0:00:11]} 47. Kg2 {[%emt 0:02:55]} Qe4+ {[%emt 0:01:57]} 48. Rf3 {[%emt 0:00:06]} Qxc4 {[%emt 0:00:48]} 49. f7 {[%emt 0:00:10]} Qe2+ {[%emt 0:00:06]} 50. Kg3 {[%emt 0:05:02]} Qxf3+ {[%emt 0:00:10]} 51. Kxf3 {[%emt 0:00:07]} Kg7 {[%emt 0:00:04]} 52. Kf4 {[%emt 0:04:29]} Kxf7 {[%emt 0:00:24]} 53. Ke5 {[%emt 0:00:17]} Ke7 {[%emt 0:00:20]} 54. h4 {[%emt 0:00:27]} h5 {[%emt 0:00:06]} 55. c4 {[%emt 0:00:53]} Kd7 {[%emt 0:00:50]} 56. Ke4 {[%emt 0:01:56]} Ke7 {[%emt 0:02:50]} 1/2-1/2